000 00341nam a22001457a 4500
008 210302b ||||| |||| 00| 0 eng d
020 _a0803662866
041 _aeng
080 _a617
082 _a617
100 _a5
101 _aKIR
245 _aManagement of Medical Problems in Surgical Patients
_cMolitch, M. E
942 _2udc
_cBK
999 _c55476
_d55476